| 000 | 00515nam a2200169 4500 | ||
|---|---|---|---|
| 001 | 145097 | ||
| 003 | ES-MaACL | ||
| 005 | 20230906201149.0 | ||
| 007 | t| | ||
| 008 | 070214s1980 sp r ||||1| spa d | ||
| 100 | 1 |
_aSommerstein, Alan H. _9107276 |
|
| 245 | 1 | 0 |
_aFonología moderna / _cAlan H. Sommerstein ; [traducción de Guillermo Diamante]. |
| 260 |
_aMadrid : _bCátedra, _c1980 ( _fVelograf) |
||
| 300 |
_a435 p. ; _c21 cm. |
||
| 700 | 1 |
_aDiamante, Guillermo. _944095 |
|
| 852 |
_aES-MaACL _jL-586 _bR.101047 |
||
| 999 |
_c145097 _d145097 |
||